Largest Rice Producers In The World - Statistics

General Stats
  • This quiz has been taken 60 times
  • The average score is 12 of 15
Answer Stats
Hint Answer % Correct
1. China
100%
2. India
96%
4. Indonesia
96%
12. Japan
94%
5. Vietnam
94%
6. Thailand
92%
14. United States Of America
88%
3. Bangladesh
87%
11. Brazil
87%
10 Pakistan
87%
7. Myanmar
81%
8. Philippines
75%
9. Cambodia
71%
13. Nigeria
44%
15. Egypt
38%
No matching quizzes found
Score Distribution
Percent of People with Each Score
Percentile by Number Answered
Your Score History
You have not taken this quiz